000 00921nam a2200253Ia 4500
003 OSt
005 20220923215445.0
006 a|||||r|||| 00| 0
007 ta
008 220922b |||||||| |||| 00| 0 hin d
024 _a178,934
037 _cTextual
040 _aARTS
_cARTS
_bhin
041 _2hin
_ahin
082 _aO152,1I80,1:g(Y), L9
100 _aवर्मा, नृपेन्द्र प्रसाद
245 0 _aपदमावति का लोक तान्त्रिक अध्ययन
246 _aPadamāvati kā lok tāntrik adhyayana
260 _aपटना
_b अनुपम प्रकाशन
_c1979
300 _a395 पृ.
_ccm.
650 _aहिन्दी साहित्य
_9156264
942 _hO152,1I80,1:g(Y), L9
_cTEXL
_2CC
999 _c332315
_d332315